000 00495nam a2200169Ia 4500
999 _c20956
_d20956
003 OSt
005 20200622125109.0
008 190216s9999||||xx |||||||||||||| ||und||
020 _a8121903645
040 _coclc
082 _a954.02
_bMAH/H
100 _a Mahajan, Vidya Dhar
_91752
245 0 _aHistory Of Medieval India /
_cVidya Dhar Mahajan
260 _bS Chand & Company,
_c2003.
_aNew Delhi:
300 _a408p
942 _cBK
_2ddc
_h954.02
_iMAH/H
_k954.02
_mMAH/H